Historia de Galiza / (Registro nro. 80264)

Detalles MARC
000 -LEADER
campo de control de longitud fija 00519nam a2200169 i 4500
001 - NÚMERO DE CONTROL
campo de control 80264
003 - IDENTIFICADOR DE NÚMERO DE CONTROL
campo de control ES-MaACL
007 - CAMPO FIJO DE DESCRIPCIÓN FÍSICA--INFORMACIÓN GENERAL
campo de control de longitud fija t|
008 - DATOS DE LONGITUD FIJA--INFORMACIÓN GENERAL
campo de control de longitud fija 041027s1981 sp ||||1| gal d
245 00 - MENCIÓN DEL TÍTULO
Título Historia de Galiza /
Mención de responsabilidad, etc. X.C. Bermejo... [et al.] ; versión galega, Xosé RaAmón Fandiño Veiga.
250 ## - MENCION DE EDICION
Mención de edición [2ª ed.].
260 ## - PUBLICACIÓN, DISTRIBUCIÓN, ETC.
Lugar de publicación, distribución, etc. [Madrid] :
Nombre del editor, distribuidor, etc. Alhambra,
Fecha de publicación, distribución, etc. [1981]
300 ## - DESCRIPCIÓN FÍSICA
Extensión 291 p. ;
Dimensiones 20 cm.
700 1# - ENTRADA AGREGADA--NOMBRE PERSONAL
Nombre de persona Bermejo, X. C.
9 (RLIN) 28095
700 1# - ENTRADA AGREGADA--NOMBRE PERSONAL
Nombre de persona Fandiño Veiga, Xosé Ramón.
9 (RLIN) 48788
852 ## - LOCALIZACIÓN
Ubicación ES-MaACL
Número de control de estantería L-7033
Sublocalización o colección R.107997
Existencias
Estatus retirado Estado de pérdida Estado de daño No para préstamo Biblioteca de origen Biblioteca actual Ubicación en estantería Fecha de adquisición Fuente de adquisición Total de préstamos Signatura topográfica completa Código de barras Visto por última vez Precio de reemplazo Tipo de ítem Koha
        Biblioteca del Ateneo de Madrid Biblioteca del Ateneo de Madrid Depósito 2 17/01/2008     L-7033 1083919 23/02/2023 23/02/2023 Libro impreso